Normal view
MARC view
Entry Personal Name
001 - CONTROL NUMBER
- control field: 21534
003 - CONTROL NUMBER IDENTIFIER
- control field: BD-ChCU
005 - DATE AND TIME OF LATEST TRANSACTION
- control field: 20260416093309.0
008 - FIXED-LENGTH DATA ELEMENTS
- fixed length control field: 260416|| aca||aabn | a|a d
040 ## - CATALOGING SOURCE
- Original cataloging agency: BD-ChCU
100 ## - HEADING--PERSONAL NAME
- Personal name: Thrane , E.